| 000 | 01024cam a2200301 a 4500 | ||
|---|---|---|---|
| 001 | 46435 | ||
| 003 | BD-RjUL | ||
| 005 | 20211209054143.0 | ||
| 008 | 1608-2s1955 enka b 001 0 eng | ||
| 020 | _c(V-8) | ||
| 035 | _a(BD-RjUL)46553 | ||
| 040 |
_aDLC _cOClU-L _dFTaSU-L _dUk _dDLC _dBD-RjUL _beng |
||
| 041 | _aeng | ||
| 082 |
_223 _a345.4104 _bEDM 1955 |
||
| 100 | 1 | 0 |
_aEdwards, J. Ll. J. _q(John Llewelyn Jones), _d1918- _9141744 |
| 245 | 1 | 0 |
_aMens rea in statutory offences / _cby J.Ll.J. Edwards ; edited by L. radzinowicz LL.D. |
| 260 |
_aLondon : _bMacmillan ; _aNew York : _bSt. Martin's Press, _c1955 |
||
| 300 |
_aV. ; _c23 cm. |
||
| 490 | _aV-8 | ||
| 504 | _aIncludes bibliography and index | ||
| 505 | 0 | _aVol. VIII--- | |
| 650 | 0 |
_aCriminal law _zGreat Britain _9141746 |
|
| 650 | 0 |
_aCriminal intent _zGreat Britain _9141747 |
|
| 700 |
_aRadzinowicz, L. _9140269 |
||
| 830 |
_aEnglish studies in criminal science V-8 _9141771 |
||
| 942 |
_2ddc _cBK |
||
| 999 |
_c46435 _d46435 |
||